| 000 | 00735nam a22002055i 4500 | ||
|---|---|---|---|
| 001 | 54899 | ||
| 003 | ES-MaACL | ||
| 005 | 20250827045005.0 | ||
| 007 | t| | ||
| 008 | 960730s1863 sp ||||1| spa d | ||
| 040 |
_aCAM _bspa _cCAM |
||
| 100 | 1 |
_aGarcés González, Valeriano. _953982 |
|
| 245 | 1 | 0 |
_aGuía histórico-estadístico-descriptiva de la M. N. y M. L. ciudad de Avila y sus arrabales / _cpor Valeriano Garces Gonzalez. |
| 260 |
_aAvila : _b[s.n.], _c1863 ( _fImprenta de Abdon Santiuste) |
||
| 300 |
_a236 p. ; _c16 cm. |
||
| 505 | 8 | _aContiene: Guia de ferro-carril del Norte / por V. Garces Gonzalez; 77 p. | |
| 651 | 7 |
_aÁvila- _vGuías turísticas _2 _9174017 |
|
| 852 |
_aES-MaACL _jD-2184 |
||
| 999 |
_c54899 _d54899 |
||